000 00459nam a2200145 4500
999 _c11497
_d11497
008 181205b ||||| |||| 00| 0 eng d
022 _a
082 _aDPer 050 T48 Apr-June 2016 v. 187, n. 12-24
100 _932957
_aBeech, Hannah
245 _aWang Jianlin:
_bChina's dealmaker/
_cHannah Beech.
260 _aHong Kong;
_bTime Asia,
_cc2016.
300 _av187 n16-17, page 38:
_billustrations;
_c27 cm.
650 0 _932958
_aBusinessmen.
942 _2ddc
_cPER